Normal view MARC view
  • Statistics

Entry Topical Term

Number of records used in: 7

001 - CONTROL NUMBER

  • control field: 10203

003 - CONTROL NUMBER IDENTIFIER

  • control field: NUST

005 - DATE AND TIME OF LATEST TRANSACTION

  • control field: 20180409060434.0

008 - FIXED-LENGTH DATA ELEMENTS

  • fixed length control field: 180409|| aca||aabn | a|a d

040 ## - CATALOGING SOURCE

  • Original cataloging agency: NUST
  • Transcribing agency: NUST

150 ## - HEADING--TOPICAL TERM

  • Topical term or geographic name entry element: Statistics
  • General subdivision: Data processing.

670 ## - SOURCE DATA FOUND

  • Source citation: Work cat.: (NUST)0: Watkins, A. E. (Ann E.) 10202, Statistics from data to decision /, c2011.
© 2023 Central Library, National University of Sciences and Technology. All Rights Reserved.